000
00334nam a2200133Ia 4500
008
240624s9999 xx 000 0 und d
041
_a
eng
082
_a
891.46 KUL
100
_a
KULKARNI SHARAD V
245
_a
SRIRAMKRISHNA PARAMHANS MARATHI
260
_c
2012
_a
Kolhapur
_b
Riya Publications
300
_a
192 p.
365
_c
RS
_b
25
999
_c
30179
_d
30179